Normal view
MARC view
Entry Topical Term
001 - CONTROL NUMBER
- control field: 54861
003 - CONTROL NUMBER IDENTIFIER
- control field: OSt
005 - DATE AND TIME OF LATEST TRANSACTION
- control field: 20241004104611.0
008 - FIXED-LENGTH DATA ELEMENTS
- fixed length control field: 241004|| aca||aabn | a|a d
040 ## - CATALOGING SOURCE
- Original cataloging agency: OSt
- Transcribing agency: OSt
150 ## - HEADING--TOPICAL TERM
- Topical term or geographic name entry element: ဗုဒ္ဓဘာသာ
- General subdivision: အတွေးအခေ်
670 ## - SOURCE DATA FOUND
- Source citation: Work cat.: (OSt)16662: ဉာဏဓဇ၊ ဦး၊ အစိုးရဓမ္မာစရိယ B.E(E.P)77 17292, အသက်(၅၀)ကျော်လူသားတစ်ဦး၏ဘဝအတွေးအမြင် /, ၂၀၀၉။